000 00900nam0a22002651 4500
001 rc\3015240
005 20250806201144.0
035 _a(NLR Aleph) 007157580
090 _a6122
_c6122
100 _a20110925d1944 u y0rusy50 ca
101 0 _arus
102 _aRU
105 _aa z |||||
200 1 _aПамятка электросварщика по ручной дуговой сварке
_fИ.М. Зак
205 _a2-е изд., доп.
210 _aСвердловск
_aМосква
_cМашгиз
_d1944
_eСвердловск
_g5-я тип. треста "Полиграфкнига"
215 _a40 с.
_cил., схем.
_d22 см
700 1 _aЗак
_bИ.М.
801 0 _aRU
_bNLR
_gpsbo
801 1 _aRU
_bELAR
_2rusmarc
852 _aNLR
_jТ36 Г-6/216
942 _cBOOK
945 _aРоссийская национальная библиотека
980 _aNB
980 _aBV